ბათუმის შოთა რუსთაველის სახელმწიფო უნივერსიტეტის ბიბლიოთეკა

კახეთი (ბიბ.ჩანაწერი № 43182)

000 -LEADER
fixed length control field 00650nam a2200229Ia 4500
001 - CONTROL NUMBER
control field 9904
003 - CONTROL NUMBER IDENTIFIER
control field GE_BSU
008 - FIXED-LENGTH DATA ELEMENTS--GENERAL INFORMATION
fixed length control field 181216s||||||||xx |||||||||||||| ||und||
040 ## - CATALOGING SOURCE
Transcribing agency GE_BSU
080 ## - UNIVERSAL DECIMAL CLASSIFICATION NUMBER
Universal Decimal Classification number 821.353.1–1
100 ## - MAIN ENTRY--PERSONAL NAME
Personal name ნიშნიანიძე,გიზო
245 ## - TITLE STATEMENT
Title კახეთი
245 ## - TITLE STATEMENT
Remainder of title ლექსი
245 ## - TITLE STATEMENT
Statement of responsibility, etc. რედ. ხ.ჩხეიძე.სამხ.რედ.ა.ხოსროშვილი
260 ## - PUBLICATION, DISTRIBUTION, ETC.
Place of publication, distribution, etc. თბილისი
260 ## - PUBLICATION, DISTRIBUTION, ETC.
Name of publisher, distributor, etc. სამშობლო
260 ## - PUBLICATION, DISTRIBUTION, ETC.
Date of publication, distribution, etc. ?
300 ## - PHYSICAL DESCRIPTION
Extent 16გვ.16სმ.
653 ## - INDEX TERM--UNCONTROLLED
Uncontrolled term კახეთი
653 ## - INDEX TERM--UNCONTROLLED
Uncontrolled term ლექსი
942 ## - ADDED ENTRY ELEMENTS (KOHA)
Koha item type წიგნი
ეგზემპლარები
Withdrawn status Lost status Damaged status Not for loan Date acquired Barcode Date last seen Price effective from Koha item type
        2018-12-17 32962 2018-12-17 2018-12-17 წიგნი
        2018-12-17 32963 2018-12-17 2018-12-17 წიგნი
        2018-12-17 32964 2018-12-17 2018-12-17 წიგნი